| 000 | 00432nam a2200157Ia 4500 | ||
|---|---|---|---|
| 008 | 240729s9999 xx 000 0 und d | ||
| 022 | _a2353-0790 | ||
| 245 | 0 | _aGeology, Geophysics & Environment | |
| 260 | _aPoland | ||
| 260 | _bAGH University of Science and Technology Press | ||
| 650 | _a Geology | ||
| 650 | _aScience | ||
| 856 | _uhttps://doaj.org/toc/3c7fa2ae1d9244d095dc82a0f2296539 | ||
| 942 | _2ddc | ||
| 942 | _cDOAJEJ | ||
| 999 |
_c69888 _d69888 |
||
| 945 |
_a1 _bMadushi Gamage _c1 _dMadushi Gamage |
||